000 nam a22 a 4500
999 _c4277
_d4277
003 AKMAL
005 20170526113641.0
008 170526s2006 my l 00 may d
020 _a9678908220 (kkt.):
_cRM 10.00
082 0 4 _a347.595016 MAL
090 _a347.595016
_bMAL
110 1 _aMalaysia
_9400
240 1 _aKaedah-Kaedah Pesuruhjaya Sumpah 1993
245 1 0 _aKaedah-Kaedah Pesuruhjaya Sumpah 1993 & Commissioners For Oaths Rules 1993 :
_bhingga 20hb Februari 2006/
_cdisusun oleh Lembaga Penyelidikan Undang-Undang
260 _aKuala Lumpur :
_bInternational Law Book Services,
_c2006
300 _a46ms. ;
_c24cm
500 _aTeks sejajar dalam bahasa Melayu dan Inggeris
650 _aNotaries
_zMalaysia
_98348
740 2 _aCommisioners for Oaths Rules 1993
942 _2ddc
_cBOOK